书目信息 |
| 题名: |
新时期优秀相访干部潘作良
|
|
| 作者: | ;中共中央宣传部长新闻局 编 | |
| 分册: | ||
| 出版信息: | 北京 学习出版社 2008.09 |
|
| 页数: | 330页 | |
| 开本: | 20cm | |
| 丛书名: | ||
| 单 册: | ||
| 中图分类: | K827=76 | |
| 科图分类: | ||
| 主题词: | 人物--传记--中国 | |
| 电子资源: | ||
| ISBN: | 978-7-80116-690-6 | |
| 000 | 00684nam0 2200205 45 | |
| 001 | 0954684006 | |
| 005 | 20091012151258.48 | |
| 010 | @a978-7-80116-690-6@dCNY19.00 | |
| 100 | @a20090515d2008 ekmy0 y0120 ea | |
| 102 | @aCN@b130000 | |
| 105 | @ay z 000yy | |
| 200 | 1 | @a新时期优秀相访干部潘作良@f中共中央宣传部长新闻局等编@Fzhong gong zhong yang xuan chuan bu zhang xin wen ju deng bian |
| 210 | @a北京@c学习出版社@d2008.09 | |
| 215 | @a330页@d20cm | |
| 606 | 0 | @a人物@x传记@x中国 |
| 690 | @aK827=76@v4 | |
| 711 | 02 | @a中共中央宣传部长新闻局@Azhong gong zhong yang xuan chuan bu zhang xin wen ju@4编 |
| 801 | 0 | @aCN@c20091012 |
| 905 | @a10447@dK827=76@eZ547 | |
| 906 | @d19@n3@r1 | |
| 新时期优秀相访干部潘作良/中共中央宣传部长新闻局等编.-北京:学习出版社,2008.09 |
| 330页;20cm |
| ISBN 978-7-80116-690-6:CNY19.00 |
| ● |
| 相关链接 |
|
|
|
正题名:新时期优秀相访干部潘作良
索取号:K827=76/Z547
 
预约/预借
| 序号 | 登录号 | 条形码 | 馆藏地/架位号 | 状态 | 备注 |
| 1 | 897793 | 208977936 | 社科库309/309社科库 59排3列3层/ [索取号:K827=76/Z547] | 在馆 | |
| 2 | 897794 | 208977945 | 社科库309/309社科库 59排3列3层/ [索取号:K827=76/Z547] | 在馆 | |
| 3 | 897795 | 208977954 | 社科库309/309社科库 59排3列3层/ [索取号:K827=76/Z547] | 在馆 |